Loose - enhypen - Statistics

General Stats
  • This quiz has been taken 208 times
  • The average score is 229 of 321
Answer Stats
Answer % Correct
I
99%
it
97%
a
94%
to
94%
Can
93%
can
93%
be
92%
it's
92%
It's
92%
just
91%
me
90%
you
88%
Loose
87%
loose
87%
on
87%
too
87%
Too
87%
keep
86%
heart
85%
my
85%
feel
84%
And
83%
and
83%
cool
83%
in
83%
hard
81%
so
81%
So
81%
racing
80%
the
80%
let
79%
can't
77%
floor
77%
your
77%
Am
76%
patient
76%
hot
75%
being
74%
we
73%
anymore
72%
I'm
72%
sweatin'
72%
take
72%
this
70%
eyes
67%
fire
67%
All
66%
give
66%
baby
65%
Baby
65%
got
65%
like
65%
way
65%
Way
65%
burning
64%
girl
64%
body
63%
inside
63%
next
62%
Ponytail
61%
tension
60%
right
59%
see
59%
Waiting
58%
waiting
58%
don't
57%
get
57%
how
57%
sitting
56%
close
55%
dancing
55%
been
54%
magic's
54%
sign
54%
want
54%
should
53%
shy
53%
beggin'
52%
taste
52%
tell
51%
that
51%
bad
50%
I've
50%
please
50%
room
50%
broke
49%
chance
49%
ice
49%
time
49%
down
48%
long
48%
yeah
48%
crowded
47%
glad
47%
there's
46%
think
46%
Let's
45%
lets
45%
refuse
45%
at
43%
look
42%
If
41%
we're
41%
Lockin'
40%
however
33%
wanna
31%
two
30%
I'ma
29%
three
29%
tonight
29%
five
28%
four
28%
waste
28%
another
27%
one
27%
second
27%
No matching quizzes found
Score Distribution
Percent of People with Each Score
Percentile by Number Answered
Your Score History
You have not taken this quiz